La lucha por el poder. Europa 1815-1914
Gardado en:
| Autor Principal: | |
|---|---|
| Outros autores: | |
| Formato: | Libro |
| Idioma: | inglés Lingua castelá |
| Publicado: |
Barcelona, España
Editorial Planeta S.A.
2017
|
| Edición: | Primera edición |
| Series: | Serie mayor
|
| Subjects: | |
| Tags: |
Engadir etiqueta
Sen Etiquetas, Sexa o primeiro en etiquetar este rexistro!
|
MARC
| LEADER | 00000nam a22000007a 4500 | ||
|---|---|---|---|
| 003 | CL-VaPUC | ||
| 005 | 20210705133510.0 | ||
| 008 | 210603b ||||| |||| 00| 0 eng d | ||
| 999 | |c 433034 |d 433032 | ||
| 020 | |a 9788417067236 | ||
| 040 | |c Pontificia Universidad Católica de Valparaíso | ||
| 041 | 0 | |a spa | |
| 082 | 0 | 4 | |2 21 |a 940.28 EVA 2017 |
| 100 | 1 | |a Evans, Richard J |e autor |9 861223 | |
| 245 | 1 | 3 | |a La lucha por el poder. |b Europa 1815-1914 |
| 250 | |a Primera edición | ||
| 260 | 3 | |a Barcelona, España |b Editorial Planeta S.A. |c 2017 | |
| 300 | |a 1006 páginas | ||
| 490 | |a Serie mayor | ||
| 500 | |a Donación VRA N. Vásquez L. | ||
| 583 | |c 20210603 |k Daniel Castañeda | ||
| 650 | 0 | 0 | |9 392003 |a Historia de Europa |y Siglos 19-20 |x Política y gobierno |
| 650 | 0 | 0 | |9 256320 |a Desarrollo económico y social |x Historia política |y 1815-1914 |z Europa |
| 700 | 1 | |a Rabasseda Gascón, Juan |e traductor |9 861224 | |
| 942 | |2 ddc |c BK | ||
| 952 | |0 0 |1 0 |2 ddc |4 0 |6 940_280000000000000_EVA_2017 |7 0 |8 A |9 577992 |a BIBHIS |b BIBHIS |d 2021-06-03 |i 5621534 |l 2 |m 1 |o 940.28 EVA 2017 |p 5621534 |r 2025-01-20 |s 2023-06-20 |t 1 |w 2021-06-03 |y BK |k HIS | ||